| 000 | 01292cam a22003131i 4500 | ||
|---|---|---|---|
| 003 | SA-RiAUC | ||
| 005 | 20250213075402.0 | ||
| 008 | 250209s1993 ua g b 00000 ara c | ||
| 020 | _a9771005456 | ||
| 040 |
_aSA-RiAUC _bara _cSA-RiAUC _erda |
||
| 050 | 4 | _bA287 1993 | |
| 082 | 0 | 4 |
_a189.124 _qSA-RiAUC |
| 090 |
_a189.124 _b ا ب و س |
||
| 100 | 1 |
_aأبو سعدة، مهري حسن _eمؤلف. |
|
| 245 | 1 | 2 |
_aالاتجاه العقلي في مشكلة المعرفة عند المعتزلة / _cمهري حسن أبو سعدة ؛ تصدير عاطف العراقي. |
| 250 | _aالطبعة الأولى. | ||
| 264 | 1 |
_aالقاهرة : _bدار الفكر العربي، _c1993 |
|
| 300 |
_a332 صفحة ؛ _c24 سم |
||
| 336 |
_aنص _btxt _2rdacontent _3كتاب |
||
| 337 |
_aبدون وسيط _bn _2rdamedia |
||
| 338 |
_aمجلد _bnc _2rdacarrier |
||
| 504 | _aببليوجرافية : صفحة 321-326. | ||
| 650 | 7 |
_aالمعتزلة (فرقة إسلامية) _xفلسفة _2aucsh |
|
| 650 | 7 |
_aالفلسفة الإسلامية _2aucsh |
|
| 650 | 7 |
_aالحركات الفكرية عند المسلمين _2aucsh |
|
| 700 | 1 |
_aالعراقي، محمد عاطف، _d1935-2012 _eمقدم. |
|
| 942 |
_2ddc _cBOOK _n0 |
||
| 949 |
_aSA-JeALM _d250209 _uosman123 _n1 |
||
| 999 |
_c5881 _d5881 |
||